TALES FROM THE TAO THE WISDOM OF THE TAO (Record no. 32767)

MARC details
000 -LEADER
fixed length control field 00329nam a2200133Ia 4500
008 - FIXED-LENGTH DATA ELEMENTS--GENERAL INFORMATION
fixed length control field 240624s9999 xx 000 0 und d
041 ## - LANGUAGE CODE
Language code of text/sound track or separate title eng
082 ## - DEWEY DECIMAL CLASSIFICATION NUMBER
Classification number 299.514 TOW
100 ## - MAIN ENTRY--PERSONAL NAME
Personal name TOWLER SOLALA
245 ## - TITLE STATEMENT
Title TALES FROM THE TAO THE WISDOM OF THE TAO
260 ## - PUBLICATION, DISTRIBUTION, ETC.
Date of publication, distribution, etc. 2005
Place of publication, distribution, etc. USA
Name of publisher, distributor, etc. watkins
300 ## - PHYSICAL DESCRIPTION
Extent 191p. ;23cm.
365 ## - TRADE PRICE
Currency code
Price amount 33
Holdings
Withdrawn status Lost status Damaged status Not for loan Home library Current library Shelving location Date acquired Total Checkouts Full call number Barcode Date last seen Date last checked out Copy number Price effective from Koha item type
        IMTN IMTN Rack 4-A 01/07/2022 1 299.514 TOW 32767 07/14/2025 07/02/2025 78.2 06/24/2024 Books
Designed & Maintained by: LRC IMT Nagpur Contact: lrc@imtnag.ac.in© 2024. All Rights Reserved.